<?xml version="1.0" encoding="UTF-8"?>
<record
    xmlns:xsi="http://www.w3.org/2001/XMLSchema-instance"
    xsi:schemaLocation="http://www.loc.gov/MARC21/slim http://www.loc.gov/standards/marcxml/schema/MARC21slim.xsd"
    xmlns="http://www.loc.gov/MARC21/slim">

  <leader>01709nam1a2200349 i 4500</leader>
  <controlfield tag="001">RU\NLR\bibl\585794</controlfield>
  <controlfield tag="005">20241215160424.0</controlfield>
  <datafield tag="010" ind1=" " ind2=" ">
    <subfield code="a">5-7804-0279-5</subfield>
    <subfield code="9">5000</subfield>
  </datafield>
  <datafield tag="035" ind1=" " ind2=" ">
    <subfield code="a">(NLR Aleph) 000577777</subfield>
  </datafield>
  <datafield tag="090" ind1=" " ind2=" ">
    <subfield code="a">1633124</subfield>
    <subfield code="c">1633124</subfield>
  </datafield>
  <datafield tag="100" ind1=" " ind2=" ">
    <subfield code="a">20041220d2004    c  y0rusy50      ca</subfield>
  </datafield>
  <datafield tag="101" ind1="0" ind2=" ">
    <subfield code="a">rus</subfield>
  </datafield>
  <datafield tag="102" ind1=" " ind2=" ">
    <subfield code="a">RU</subfield>
  </datafield>
  <datafield tag="105" ind1=" " ind2=" ">
    <subfield code="a">||||z   |||||</subfield>
  </datafield>
  <datafield tag="200" ind1="1" ind2=" ">
    <subfield code="a">&#x42E;&#x43D;&#x44B;&#x43C; &#x443;&#x43C;&#x43D;&#x438;&#x43A;&#x430;&#x43C; &#x438; &#x443;&#x43C;&#x43D;&#x438;&#x446;&#x430;&#x43C;</subfield>
    <subfield code="e">&#x417;&#x430;&#x434;&#x430;&#x43D;&#x438;&#x44F; &#x43F;&#x43E; &#x440;&#x430;&#x437;&#x432;&#x438;&#x442;&#x438;&#x44E; &#x43F;&#x43E;&#x437;&#x43D;&#x430;&#x432;&#x430;&#x442;. &#x441;&#x43F;&#x43E;&#x441;&#x43E;&#x431;&#x43D;&#x43E;&#x441;&#x442;&#x435;&#x439;</subfield>
    <subfield code="e">[9-10 &#x43B;&#x435;&#x442;]</subfield>
    <subfield code="e">&#x420;&#x430;&#x431;&#x43E;&#x447;&#x430;&#x44F; &#x442;&#x435;&#x442;&#x440;.</subfield>
    <subfield code="e">[&#x412; 2 &#x447;.]</subfield>
    <subfield code="f">&#x41E;. &#x425;&#x43E;&#x43B;&#x43E;&#x434;&#x43E;&#x432;&#x430;</subfield>
  </datafield>
  <datafield tag="210" ind1=" " ind2=" ">
    <subfield code="a">&#x41C;.</subfield>
    <subfield code="c">&#x420;&#x43E;&#x441;&#x442;&#x43A;&#x43D;.</subfield>
    <subfield code="c">&#x420;&#x41E;&#x421;&#x422;</subfield>
    <subfield code="d">2004</subfield>
  </datafield>
  <datafield tag="215" ind1=" " ind2=" ">
    <subfield code="d">29</subfield>
  </datafield>
  <datafield tag="225" ind1="1" ind2=" ">
    <subfield code="a">&#x41F;&#x43E;&#x434;&#x443;&#x43C;&#x430;&#x435;&#x43C; &#x432;&#x43C;&#x435;&#x441;&#x442;&#x435;</subfield>
  </datafield>
  <datafield tag="225" ind1="1" ind2=" ">
    <subfield code="a">&#x41C;&#x430;&#x442;&#x435;&#x43C;&#x430;&#x442;&#x438;&#x43A;&#x430;. &#x418;&#x43D;&#x444;&#x43E;&#x440;&#x43C;&#x430;&#x442;&#x438;&#x43A;&#x430;. &#x41B;&#x43E;&#x433;&#x438;&#x43A;&#x430;</subfield>
  </datafield>
  <datafield tag="463" ind1=" " ind2="0">
    <subfield code="1">001570614</subfield>
  </datafield>
  <datafield tag="463" ind1=" " ind2="0">
    <subfield code="1">001570601</subfield>
  </datafield>
  <datafield tag="606" ind1="0" ind2=" ">
    <subfield code="a">&#x421;&#x43F;&#x43E;&#x441;&#x43E;&#x431;&#x43D;&#x43E;&#x441;&#x442;&#x438; &#x443; &#x434;&#x435;&#x442;&#x435;&#x439;</subfield>
    <subfield code="j">&#x420;&#x443;&#x43A;&#x43E;&#x432;&#x43E;&#x434;&#x441;&#x442;&#x432;&#x430;, &#x43F;&#x43E;&#x441;&#x43E;&#x431;&#x438;&#x44F; &#x438; &#x442;.&#x43F;.</subfield>
    <subfield code="x">&#x412;&#x43E;&#x441;&#x43F;&#x438;&#x442;&#x430;&#x43D;&#x438;&#x435;</subfield>
    <subfield code="9">1669804</subfield>
    <subfield code="3">RU\NLR\auth\661039344</subfield>
  </datafield>
  <datafield tag="606" ind1="0" ind2=" ">
    <subfield code="a">&#x421;&#x43F;&#x43E;&#x441;&#x43E;&#x431;&#x43D;&#x43E;&#x441;&#x442;&#x438; &#x443; &#x434;&#x435;&#x442;&#x435;&#x439;</subfield>
    <subfield code="j">&#x420;&#x430;&#x431;&#x43E;&#x447;&#x438;&#x435; &#x442;&#x435;&#x442;&#x440;&#x430;&#x434;&#x438; &#x434;&#x43B;&#x44F; &#x43D;&#x430;&#x447;&#x430;&#x43B;&#x44C;&#x43D;&#x43E;&#x439; &#x448;&#x43A;&#x43E;&#x43B;&#x44B;</subfield>
    <subfield code="x">&#x412;&#x43E;&#x441;&#x43F;&#x438;&#x442;&#x430;&#x43D;&#x438;&#x435;</subfield>
    <subfield code="9">1669804</subfield>
    <subfield code="3">RU\NLR\auth\661039344</subfield>
  </datafield>
  <datafield tag="606" ind1="0" ind2=" ">
    <subfield code="a">&#x41F;&#x43E;&#x437;&#x43D;&#x430;&#x432;&#x430;&#x442;&#x435;&#x43B;&#x44C;&#x43D;&#x44B;&#x435; &#x441;&#x43F;&#x43E;&#x441;&#x43E;&#x431;&#x43D;&#x43E;&#x441;&#x442;&#x438; &#x443; &#x434;&#x435;&#x442;&#x435;&#x439;</subfield>
    <subfield code="j">&#x420;&#x443;&#x43A;&#x43E;&#x432;&#x43E;&#x434;&#x441;&#x442;&#x432;&#x430;, &#x43F;&#x43E;&#x441;&#x43E;&#x431;&#x438;&#x44F; &#x438; &#x442;.&#x43F;. &#x434;&#x43B;&#x44F; &#x441;&#x440;&#x435;&#x434;&#x43D;&#x435;&#x439; &#x448;&#x43A;&#x43E;&#x43B;&#x44B;</subfield>
    <subfield code="9">1992012</subfield>
    <subfield code="3">RU\NLR\auth\66914644</subfield>
  </datafield>
  <datafield tag="606" ind1="0" ind2=" ">
    <subfield code="a">&#x414;&#x435;&#x442;&#x438;</subfield>
    <subfield code="j">&#x420;&#x430;&#x431;&#x43E;&#x447;&#x438;&#x435; &#x442;&#x435;&#x442;&#x440;&#x430;&#x434;&#x438; &#x434;&#x43B;&#x44F; &#x43D;&#x430;&#x447;&#x430;&#x43B;&#x44C;&#x43D;&#x43E;&#x439; &#x448;&#x43A;&#x43E;&#x43B;&#x44B;</subfield>
    <subfield code="x">&#x41F;&#x43E;&#x437;&#x43D;&#x430;&#x432;&#x430;&#x442;&#x435;&#x43B;&#x44C;&#x43D;&#x44B;&#x435; &#x441;&#x43F;&#x43E;&#x441;&#x43E;&#x431;&#x43D;&#x43E;&#x441;&#x442;&#x438;</subfield>
    <subfield code="9">2504724</subfield>
    <subfield code="3">RU\NLR\auth\661485294</subfield>
  </datafield>
  <datafield tag="686" ind1=" " ind2=" ">
    <subfield code="a">&#x42E;983.724&#x44F;72</subfield>
  </datafield>
  <datafield tag="686" ind1=" " ind2=" ">
    <subfield code="a">&#x427;421.2,01</subfield>
  </datafield>
  <datafield tag="700" ind1=" " ind2="1">
    <subfield code="a">&#x425;&#x43E;&#x43B;&#x43E;&#x434;&#x43E;&#x432;&#x430;</subfield>
    <subfield code="b">&#x41E;.</subfield>
    <subfield code="4">070</subfield>
  </datafield>
  <datafield tag="801" ind1=" " ind2="0">
    <subfield code="a">RU</subfield>
    <subfield code="b">NLR</subfield>
    <subfield code="c">20041220</subfield>
    <subfield code="g">PSBO</subfield>
  </datafield>
  <datafield tag="801" ind1=" " ind2="1">
    <subfield code="a">RU</subfield>
    <subfield code="b">NLR</subfield>
    <subfield code="c">20041220</subfield>
  </datafield>
  <datafield tag="852" ind1=" " ind2=" ">
    <subfield code="a">NLR</subfield>
    <subfield code="j">2004-8/2727</subfield>
  </datafield>
  <datafield tag="942" ind1=" " ind2=" ">
    <subfield code="c">BOOK</subfield>
  </datafield>
</record>
